000 00970nam a22002535i 4500
001 175171
003 ES-MaACL
005 20250815103935.0
008 101011s1973 sp o |||| | spa d
020 _a84-00-03838-X
080 _a599.8:591.5
100 1 _aÁlvarez González, Fernando.
_9143547
245 1 0 _aComportamiento social y hormonas sexuales en "saimiri sciureus" /
_cFernando Álvarez.
260 _aMadrid :
_bConsejo Superior de Investigaciones Científicas,
_c1973.
300 _a74 p., [3] h. de fot. ;
_c24 cm.
490 1 _aMonografías de ciencia moderna ;
_v82
490 1 _aEstación Biológica de Doñaña ;
_v2
650 1 4 _aPrimates-
_xConducta.
_916402
710 2 _aConsejo Superior de Investigaciones Científicas (España)
_93236
830 0 _aMonografías de ciencia moderna
_v82
_9189470
830 0 _aEstación Biológica de Doñaña ;
_v2
_9223865
852 _aES-MaACL
_jE-13346
_xOlim P-555 bis
999 _c175171
_d175171